000
00169nam a22000857a 4500
999
_c
12378
_d
12378
082
_a
658
100
_a
W.Haynes
245
_a
An Outline of Business Management
942
_c
BK